| 000 | 00616nam a2200229Ia 4500 | ||
|---|---|---|---|
| 003 | OSt | ||
| 005 | 20220928125643.0 | ||
| 006 | a|||||r|||| 00| 0 | ||
| 007 | ta | ||
| 008 | 220927b |||||||| |||| 00| 0 eng d | ||
| 024 | _a35540 | ||
| 037 | _cTextual | ||
| 040 |
_aSDCL _cSDCL _beng |
||
| 041 |
_2eng _aeng |
||
| 082 | _aX:(G:55), P0 | ||
| 100 |
_aRao P K _9470798 |
||
| 245 | 0 |
_aSustainable development _b Economics and policy. |
|
| 260 |
_aMalden _bBlackwell Publishers _c2000 |
||
| 300 |
_axviii,393p _ccm. |
||
| 942 |
_hX:(G:55), P0 _cTEXL _2CC |
||
| 999 |
_c783506 _d783506 |
||